000 00548nam a2200193Ia 4500
005 20250508153308.0
008 008 250505s9999 xx 000 0 eng d
037 _aTextual
040 _aFEDL
_beng
_cFEDL
041 _aeng
_2eng
084 _a370.1, BAN
_qFEDL
100 _aBanerjee Gooroo Dass
_9763635
245 0 _aFew thoughts on education
260 _aCalcutta, India
_bS. K. Lahiri and Co.
_c1910
300 _axx,343p.
650 _aEducation - Philosophy
942 _cTEXL
_h370.1, BAN
999 _c1341814
_d1341814